[Event "35th Pan-American U20"]
[Site "Cali COL"]
[Date "2010.05.25"]
[Round "8.6"]
[White "Rojas Alarcon, Julian Antonio"]
[Black "Duran Vega, Sergio"]
[Result "1/2-1/2"]
[WhiteElo "2323"]
[BlackElo "2082"]
[EventDate "2010.05.20"]
[PlyCount "123"]

1.d4 Nf6 2.Bg5 g6 3.Bxf6 exf6 4.h4 h5 5.e3 d6 6.Nd2 Bh6 7.Ne2 O-O 8.g3 Nd7
9.Bg2 f5 10.c3 Nf6 11.Nf4 Ng4 12.Qc2 c6 13.Nf1 Bd7 14.O-O-O b5 15.f3 Nf6 
16.Kb1 a5 17.Nd3 Re8 18.Re1 Qb6 19.e4 fxe4 20.fxe4 b4 21.Nh2 bxc3 22.Qxc3 
Bg7 23.Rhf1 Rab8 24.Rf4 c5 25.dxc5 dxc5 26.e5 Bb5 27.b3 Nd7 28.Bd5 Re7 29.
Nf3 Bc6 30.Bxf7+ Rxf7 31.Qc4 Nf6 32.exf6 Bb5 33.Qc2 Bxd3 34.Qxd3 Rxf6 35.
Ne5 Re6 36.Qd5 Qd6 37.Qxd6 Rxd6 38.Nc4 Rd4 39.Nxa5 Rxf4 40.gxf4 Bc3 41.Nc6
Rxb3+ 42.axb3 Bxe1 43.Kc2 Bxh4 44.Kd3 Kf7 45.Ke4 Ke6 46.Ne5 Bf6 47.Nxg6 h4
48.f5+ Kd6 49.Nf4 Kc6 50.Nh5 h3 51.Kf3 h2 52.Kg2 Be5 53.f6 Kd7 54.Ng7 Bxf6
55.Nf5 Be5 56.Ne3 Kc6 57.Ng4 Kd5 58.Ne3+ Ke4 59.Nc4 Bc7 60.Nb2 Ke3 61.Na4 
Kd4 62.Nxc5 1/2-1/2

[Event "35th Pan-American U20"]
[Site "Cali COL"]
[Date "2010.05.25"]
[Round "8.7"]
[White "Saltos Velez, Adrian"]
[Black "Ceron, Edgar Ivan"]
[Result "0-1"]
[WhiteElo "2154"]
[BlackElo "2010"]
[EventDate "2010.05.20"]
[PlyCount "68"]

1.g3 e6 2.Bg2 d5 3.c4 c6 4.Nc3 Nd7 5.Nf3 Ngf6 6.O-O Bd6 7.b3 O-O 8.Bb2 Qe7
9.d3 Rd8 10.e4 dxc4 11.dxc4 e5 12.Qc2 Nf8 13.Rad1 Bg4 14.h3 Bh5 15.Ne2 
Bxf3 16.Bxf3 Ba3 17.Bc3 b5 18.Ba5 Rdc8 19.Bg2 b4 20.c5 Rab8 21.f4 Rb5 22.
Bd8 Rxd8 23.Rxd8 Qxd8 24.fxe5 N6d7 25.Nd4 Rxc5 26.Qf2 Nxe5 27.Nf5 Rc1 28.
Qxa7 Rxf1+ 29.Bxf1 Bb2 30.Qa6 Qd2 31.Bg2 Qd1+ 32.Kh2 Bd4 33.h4 Bg1+ 34.Kh1
Nd3 0-1

[Event "35th Pan-American U20"]
[Site "Cali COL"]
[Date "2010.05.25"]
[Round "8.8"]
[White "Carlo, Daniel"]
[Black "Torres, Juan Camilo"]
[Result "0-1"]
[WhiteElo "2068"]
[BlackElo "2172"]
[EventDate "2010.05.20"]
[PlyCount "70"]

1.e4 c5 2.Nf3 e6 3.d3 Nc6 4.g3 g6 5.Bg2 Bg7 6.O-O Nge7 7.Re1 d6 8.c3 e5 9.
Be3 O-O 10.Nbd2 h6 11.Nf1 f5 12.Qc1 Kh7 13.h4 Be6 14.h5 Qd7 15.hxg6+ Nxg6 
16.exf5 Bxf5 17.Qd2 Rae8 18.N3h2 b6 19.Qe2 Nf4 20.gxf4 exf4 21.Ng3 fxg3 
22.fxg3 Ne5 23.Rad1 Ng4 24.Qd2 Nxe3 25.Rxe3 Rxe3 26.Qxe3 Qa4 27.Rf1 Re8 
28.Qd2 Bg6 29.Nf3 Qg4 30.Kh2 Bf6 31.Rf2 Kg7 32.Bh3 Qh5 33.c4 Bf5 34.g4 
Bxg4 35.Rg2 Qxh3+ 0-1

[Event "35th Pan-American U20"]
[Site "Cali COL"]
[Date "2010.05.25"]
[Round "8.9"]
[White "Guelgua, Alvaro"]
[Black "Moran, Daniel Stiven"]
[Result "1-0"]
[WhiteElo "2022"]
[BlackElo "2117"]
[EventDate "2010.05.20"]
[PlyCount "55"]

1.e4 e6 2.d4 d5 3.Nd2 Nf6 4.e5 Nfd7 5.Bd3 c5 6.c3 Nc6 7.Ne2 cxd4 8.cxd4 f6
9.exf6 Qxf6 10.O-O Bd6 11.Nf3 h6 12.Ng3 O-O 13.Bb1 Rd8 14.Re1 Nf8 15.Ne5 
Bxe5 16.dxe5 Qh4 17.a4 Bd7 18.Ra3 Be8 19.Rf3 Qd4 20.Qe2 Qxa4 21.Rf4 Qa5 
22.Rg4 Kh8 23.Bxh6 Rd7 24.b4 Qc7 25.Qf3 Rf7 26.Bxg7+ Kg8 27.Bf6+ Ng6 28.
Bxg6 1-0

[Event "35th Pan-American U20"]
[Site "Cali COL"]
[Date "2010.05.25"]
[Round "8.10"]
[White "Escobar Medina, Andres F"]
[Black "Giron, David"]
[Result "1-0"]
[WhiteElo "2113"]
[BlackElo "1997"]
[EventDate "2010.05.20"]
[PlyCount "95"]

1.e4 e6 2.d3 d5 3.Nd2 Nf6 4.Ngf3 c5 5.g3 Nc6 6.Bg2 b6 7.O-O Be7 8.Re1 Bb7 
9.e5 Nd7 10.Nf1 Qc7 11.Qe2 O-O-O 12.c3 Rdg8 13.d4 g5 14.Be3 f5 15.exf6 
Bxf6 16.Qd2 Qd8 17.h3 e5 18.dxc5 bxc5 19.Rac1 e4 20.N3h2 Nce5 21.Red1 Nd3 
22.Rc2 Kb8 23.Qe2 Ba6 24.Qg4 h5 25.Qe6 Nb6 26.b4 Be7 27.bxc5 Bc8 28.Qf7 
Ne5 29.Qxg8 Qxg8 30.cxb6 a6 31.Bd4 Bf6 32.Ne3 Be6 33.c4 dxc4 34.Bxe4 Nd7 
35.Bxf6 Nxf6 36.Bg2 Rh7 37.Rdc1 Rd7 38.Nxc4 Bxc4 39.Rxc4 Rd6 40.b7 Rd8 41.
Rc8+ Rxc8 42.Rxc8+ Qxc8 43.bxc8=R+ Kxc8 44.Nf3 g4 45.hxg4 hxg4 46.Nh2 Kc7 
47.Bf1 Kb6 48.Be2 1-0

[Event "35th Pan-American U20"]
[Site "Cali COL"]
[Date "2010.05.25"]
[Round "8.11"]
[White "Duque, Juan Camilo"]
[Black "Dominguez, Oscar"]
[Result "0-1"]
[WhiteElo "1974"]
[BlackElo "1921"]
[EventDate "2010.05.20"]
[PlyCount "44"]

1.e4 e6 2.d4 d5 3.Nc3 Nf6 4.Bg5 Be7 5.Bxf6 Bxf6 6.Nf3 c5 7.e5 Be7 8.Bd3 
O-O 9.h4 h6 10.dxc5 f5 11.Qd2 Nd7 12.O-O-O Nxc5 13.Rdg1 Ne4 14.Qe1 Qb6 15.
Nd1 Bc5 16.Rf1 Bd7 17.g4 fxg4 18.Bxe4 dxe4 19.Nh2 h5 20.Qd2 Bb5 21.Qg5 Rf5
22.Qd2 Bxf1 0-1

[Event "35th Pan-American U20"]
[Site "Cali COL"]
[Date "2010.05.25"]
[Round "8.16"]
[White "Zuleta, Juan Esteban"]
[Black "Parra, Brayan"]
[Result "0-1"]
[WhiteElo "1916"]
[BlackElo "1807"]
[EventDate "2010.05.20"]
[PlyCount "40"]

1.e4 e5 2.d4 exd4 3.Qxd4 Nc6 4.Qe3 Bb4+ 5.Nc3 Nf6 6.Bd2 d6 7.O-O-O Bd7 8.
f4 Qe7 9.Bd3 O-O-O 10.h3 Rde8 11.Re1 h5 12.Nf3 Bc5 13.Qe2 h4 14.e5 dxe5 
15.fxe5 Nh5 16.Bg5 Ng3 17.Qd1 Qe6 18.Nxh4 Rxh4 19.Bxh4 Qh6+ 20.Qd2 Qxh4 
0-1

[Event "35th Pan-American U20"]
[Site "Cali COL"]
[Date "2010.05.26"]
[Round "9.1"]
[White "Bassan, Remo"]
[Black "Rios, Cristhian Camilo"]
[Result "1/2-1/2"]
[WhiteElo "2164"]
[BlackElo "2267"]
[EventDate "2010.05.20"]
[PlyCount "61"]

1.e4 c5 2.Nc3 Nc6 3.g3 g6 4.Bg2 Bg7 5.d3 e6 6.Be3 d6 7.Qd2 Nge7 8.Bh6 O-O 
9.h4 f6 10.Bxg7 Kxg7 11.O-O-O b5 12.h5 g5 13.f4 h6 14.e5 dxe5 15.fxe5 f5 
16.Nxb5 Rb8 17.Nd6 Nxe5 18.Nxc8 Nxc8 19.Nf3 Nxf3 20.Bxf3 Qf6 21.c3 Nb6 22.
Qc2 f4 23.g4 Nd5 24.Bxd5 exd5 25.d4 c4 26.Rde1 Rbe8 27.b4 f3 28.Kb2 Re6 
29.Rxe6 Qxe6 30.Re1 Qxe1 31.Qg6+ 1/2-1/2

[Event "35th Pan-American U20"]
[Site "Cali COL"]
[Date "2010.05.26"]
[Round "9.2"]
[White "Arenas, David"]
[Black "Blit, Jacques"]
[Result "1-0"]
[WhiteElo "2313"]
[BlackElo "2398"]
[EventDate "2010.05.20"]
[PlyCount "114"]

1.e4 c5 2.Nf3 Nc6 3.d4 cxd4 4.Nxd4 e5 5.Nb5 d6 6.N1c3 a6 7.Na3 b5 8.Nd5 
Nge7 9.Bg5 Be6 10.c4 Nd4 11.Be3 Nxd5 12.cxd5 Bd7 13.Bxd4 exd4 14.Nc2 Be7 
15.Nxd4 O-O 16.Qd2 Bf6 17.Be2 Qb6 18.O-O-O Rfc8+ 19.Kb1 b4 20.Rhe1 Ba4 21.
b3 Bd7 22.f4 a5 23.Bc4 Re8 24.h3 a4 25.g4 axb3 26.Bxb3 g6 27.Qe3 Qb7 28.
Rc1 Ba4 29.Bc4 Bd7 30.Nc6 Bc3 31.Re2 Bxc6 32.dxc6 Qxc6 33.Bd5 Qxd5 34.exd5
Rxe3 35.Rxe3 Bd2 36.Rce1 Bxe1 37.Rxe1 Ra3 38.Kb2 Rxh3 39.Re4 Rd3 40.Rxb4 
Rxd5 41.a4 Kg7 42.Kc3 Kf6 43.Rd4 Rc5+ 44.Kb4 Ke6 45.a5 Rc1 46.Kb5 Kd7 47.
g5 Rc8 48.a6 Rb8+ 49.Ka5 Ke6 50.a7 Rg8 51.Ka6 f6 52.Rb4 Ra8 53.Rb8 Rxa7+ 
54.Kxa7 fxg5 55.fxg5 Kf5 56.Rb5+ Ke4 57.Kb6 d5 1-0

[Event "35th Pan-American U20"]
[Site "Cali COL"]
[Date "2010.05.26"]
[Round "9.3"]
[White "Macias Murillo, Bryan"]
[Black "Fernandez, Fernando"]
[Result "1-0"]
[WhiteElo "2347"]
[BlackElo "2388"]
[EventDate "2010.05.20"]
[PlyCount "113"]

1.Nf3 Nf6 2.d4 d5 3.e3 c6 4.Bd3 Bg4 5.b3 Nbd7 6.Bb2 e6 7.Nbd2 Bd6 8.Qc1 
Qb8 9.h3 Bh5 10.c4 O-O 11.O-O e5 12.cxd5 cxd5 13.dxe5 Rc8 14.Qb1 Nxe5 15.
Bf5 Re8 16.Nd4 Bb4 17.N2f3 Ne4 18.Nxe5 Qxe5 19.Bxe4 dxe4 20.Ne2 Qg5 21.Ng3
Bg6 22.Rd1 Rad8 23.Rxd8 Rxd8 24.Bd4 Bc5 25.Bxc5 Qxc5 26.Qc1 Qe5 27.Ne2 Bf5
28.Nd4 h6 29.Qa3 a6 30.Rc1 Rc8 31.Rxc8+ Bxc8 32.Qc1 Bd7 33.b4 b6 34.Qc4 a5
35.b5 Kf8 36.a4 Qd6 37.Qc2 Qe5 38.Kf1 Ke8 39.Kg1 Kf8 40.Qc4 Ke8 41.Ne2 
Qa1+ 42.Kh2 Qe5+ 43.Ng3 f5 44.Kg1 Qa1+ 45.Kh2 Qe5 46.h4 Ke7 47.h5 Be6 48.
Qc6 Qd6 49.Qc3 Kf7 50.Qc2 Bd7 51.Kg1 Kf6 52.Ne2 Qe5 53.Nf4 Qa1+ 54.Kh2 Qe5
55.g3 Kg5 56.Kg2 Be8 57.Qd1 1-0

[Event "35th Pan-American U20"]
[Site "Cali COL"]
[Date "2010.05.26"]
[Round "9.4"]
[White "Herrera, Juan Sebastian"]
[Black "Narvaez, Zamir"]
[Result "1/2-1/2"]
[WhiteElo "2122"]
[BlackElo "2176"]
[EventDate "2010.05.20"]
[PlyCount "134"]

1.e4 c5 2.Nf3 e6 3.Nc3 Nc6 4.Bb5 Nge7 5.O-O a6 6.Bxc6 Nxc6 7.b3 Qc7 8.Bb2 
Bd6 9.Kh1 O-O 10.Ne2 e5 11.Ng3 Be7 12.c3 d6 13.d4 g6 14.d5 Nd8 15.Qd2 Bf6 
16.Qh6 Qe7 17.Qe3 Bg7 18.Nd2 b5 19.a4 Rb8 20.axb5 axb5 21.Ra5 Qe8 22.Ra7 
Bb7 23.Qd3 Bc8 24.Qe3 Bb7 25.b4 f5 26.exf5 gxf5 27.Qg5 Qg6 28.Qxg6 hxg6 
29.Rd1 e4 30.bxc5 dxc5 31.Nb3 Rc8 32.Ne2 c4 33.Na5 Ra8 34.Rxa8 Bxa8 35.Nd4
Rf6 36.Ba3 Ra6 37.Be7 Bxd4 38.Bxd8 Bxc3 39.d6 Rxa5 40.d7 Ra7 41.Bb6 Rxd7 
42.Rxd7 Bc6 43.Rc7 Be8 44.Re7 Bf7 45.Rb7 Bf6 46.Ba5 Be8 47.Bb4 Bd4 48.Kg1 
e3 49.fxe3 Bxe3+ 50.Kf1 Bc6 51.Re7 Be4 52.Re5 Bd3+ 53.Ke1 Bf4 54.Rxb5 Bxh2
55.Kf2 Bf4 56.Bc3 Kf7 57.Rb7+ Kf8 58.Rd7 Ke8 59.Rd4 Bc7 60.Rxd3 cxd3 61.
Ke3 Ke7 62.Kxd3 Ke6 63.Ke3 g5 64.Kf3 g4+ 65.Kf2 Kd5 66.Ke2 Ke4 67.Kf1 f4 
1/2-1/2

[Event "35th Pan-American U20"]
[Site "Cali COL"]
[Date "2010.05.26"]
[Round "9.5"]
[White "Ceron, Edgar Ivan"]
[Black "Escobar Medina, Andres F"]
[Result "1/2-1/2"]
[WhiteElo "2010"]
[BlackElo "2113"]
[EventDate "2010.05.20"]
[PlyCount "50"]

1.d4 d5 2.Nf3 Nc6 3.g3 Nf6 4.Bg2 g6 5.c4 Bg7 6.cxd5 Qxd5 7.Nc3 Qa5 8.O-O 
O-O 9.Qb3 Rd8 10.Ne5 Nxe5 11.dxe5 Qxe5 12.Bf4 Qh5 13.Bxc7 Rd7 14.Bf4 e5 
15.Bf3 Ng4 16.Bxg4 Qxg4 17.Be3 b6 18.Rad1 Bb7 19.f3 Qh3 20.Rxd7 Qxd7 21.
Rd1 Qe8 22.Nd5 Rd8 23.Bg5 Rxd5 24.Rxd5 Bxd5 25.Qxd5 h6 1/2-1/2

[Event "35th Pan-American U20"]
[Site "Cali COL"]
[Date "2010.05.26"]
[Round "9.7"]
[White "Sanchez Maya, Simon"]
[Black "Guelgua, Alvaro"]
[Result "1-0"]
[WhiteElo "2189"]
[BlackElo "2022"]
[EventDate "2010.05.20"]
[PlyCount "35"]

1.e4 e5 2.Bc4 Bc5 3.b4 Bxb4 4.f4 Nc6 5.Nf3 Bc5 6.Rf1 exf4 7.d4 Bb6 8.Bxf4 
Qe7 9.Ng5 Nh6 10.c3 d6 11.Nd2 O-O 12.Qh5 Bg4 13.Qh4 Rad8 14.Qg3 Bh5 15.Nh3
Nf5 16.Qg5 Bg6 17.O-O-O Qxg5 18.Bxg5 1-0

[Event "35th Pan-American U20"]
[Site "Cali COL"]
[Date "2010.05.26"]
[Round "9.8"]
[White "Torres, Juan Camilo"]
[Black "Duran Vega, Sergio"]
[Result "1-0"]
[WhiteElo "2172"]
[BlackElo "2082"]
[EventDate "2010.05.20"]
[PlyCount "65"]

1.d4 Nf6 2.Nf3 g6 3.c4 Bg7 4.Nc3 O-O 5.g3 d6 6.Bg2 Nc6 7.O-O a6 8.h3 Bd7 
9.a4 e5 10.e4 Re8 11.Be3 a5 12.Re1 Nb4 13.Qd2 c6 14.Bg5 Qc7 15.Rad1 Be6 
16.b3 b6 17.d5 cxd5 18.exd5 Bf5 19.Nb5 Qd7 20.Qe3 Nc2 21.Qxb6 Nxe1 22.Rxe1
Red8 23.Bxf6 Bxf6 24.c5 e4 25.c6 Qc8 26.Nd2 e3 27.Rxe3 Ra6 28.Qc7 Kf8 29.
g4 Bc2 30.Qxc8 Rxc8 31.Nxd6 Rd8 32.N2c4 Bd4 33.c7 1-0

[Event "35th Pan-American U20"]
[Site "Cali COL"]
[Date "2010.05.26"]
[Round "9.9"]
[White "Mayorquin, Nicolas"]
[Black "Barros, Raul Junior"]
[Result "1/2-1/2"]
[WhiteElo "1848"]
[BlackElo "2072"]
[EventDate "2010.05.20"]
[PlyCount "72"]

1.e4 e6 2.d4 d5 3.Nc3 Nf6 4.e5 Nfd7 5.f4 c5 6.Be3 Nc6 7.Nf3 a6 8.g3 b5 9.
Ne2 Bb7 10.Bg2 Be7 11.O-O Qc7 12.c3 O-O-O 13.Kh1 c4 14.Ng5 Rdf8 15.f5 h6 
16.Nh3 exf5 17.Nhf4 Nb6 18.Nxd5 Nxd5 19.Bxd5 Nb4 20.Bxb7+ Qxb7+ 21.Kg1 Nd5
22.Qd2 h5 23.Nf4 h4 24.Nxd5 Qxd5 25.Qg2 Qxg2+ 26.Kxg2 hxg3 27.hxg3 g6 28.
d5 Kd7 29.Rad1 f6 30.e6+ Kc7 31.Bf4+ Bd6 32.Rfe1 Rh7 33.e7 Re8 34.Bxd6+ 
Kxd6 35.Re6+ Kd7 36.Rxa6 Rhxe7 1/2-1/2

[Event "35th Pan-American U20"]
[Site "Cali COL"]
[Date "2010.05.26"]
[Round "9.11"]
[White "Giron, David"]
[Black "Saltos Velez, Adrian"]
[Result "1/2-1/2"]
[WhiteElo "1997"]
[BlackElo "2154"]
[EventDate "2010.05.20"]
[PlyCount "134"]

1.Nc3 c5 2.d4 cxd4 3.Qxd4 Nc6 4.Qh4 g6 5.e4 Bg7 6.Nf3 Nb4 7.Bd3 Nxd3+ 8.
cxd3 d6 9.O-O Nf6 10.Bh6 O-O 11.Ng5 Re8 12.d4 e5 13.dxe5 dxe5 14.Rfd1 Qe7 
15.Bxg7 Kxg7 16.Nd5 Nxd5 17.Qxh7+ Kf6 18.Rxd5 Kxg5 19.f4+ Kxf4 20.Re1 Rd8 
21.Rxd8 Qxd8 22.Qh6+ g5 23.g3+ Kg4 24.h3+ Kxg3 25.Re3+ Kf4 26.Kf2 Qd2+ 27.
Re2 Qd4+ 28.Kg2 f5 29.h4 Qd8 30.Qh5 fxe4 31.Rf2+ Ke3 32.Qe2+ Kd4 33.Qd1+ 
Kc5 34.b4+ Kxb4 35.Rb2+ Kc5 36.Qc1+ Kd6 37.Rd2+ Ke7 38.Rxd8 Kxd8 39.Qxg5+ 
Kc7 40.Qxe5+ Kb6 41.Qd6+ Kb5 42.Qd5+ Kb6 43.Qd6+ Kb5 44.Qd5+ Kb6 45.Qxe4 
Bd7 46.Kg3 Rg8+ 47.Kf2 Rf8+ 48.Kg3 Rg8+ 49.Kf2 Rf8+ 50.Kg1 Rg8+ 51.Kh2 Rg4
52.Qe3+ Kc7 53.Qe7 Ra4 54.a3 Rc4 55.h5 Rc6 56.Qe5+ Kc8 57.Qh8+ Kc7 58.h6 
Bf5 59.Qe5+ Kb6 60.Qxf5 Rxh6+ 61.Kg2 Rc6 62.Qe5 a6 63.Kf3 Ka7 64.Ke4 Rc4+ 
65.Kd3 Rc6 66.a4 Rc8 67.Kd4 Rc6 1/2-1/2

[Event "35th Pan-American U20"]
[Site "Cali COL"]
[Date "2010.05.26"]
[Round "9.12"]
[White "Moran, Daniel Stiven"]
[Black "Carlo, Daniel"]
[Result "1-0"]
[WhiteElo "2117"]
[BlackElo "2068"]
[EventDate "2010.05.20"]
[PlyCount "67"]

1.c4 Nf6 2.Nc3 c6 3.d4 d5 4.Nf3 a6 5.c5 Nbd7 6.Ne5 e6 7.f4 Nxe5 8.fxe5 Nd7
9.e4 b6 10.exd5 cxd5 11.b4 Bb7 12.Bf4 Be7 13.Bd3 Qc7 14.Bg3 h5 15.Rc1 bxc5
16.bxc5 h4 17.Bf2 h3 18.g3 Nb8 19.O-O Nc6 20.Qg4 g6 21.Na4 Na5 22.Nb6 Rb8 
23.Be3 Nc4 24.Nxc4 dxc4 25.Be4 Bd5 26.Bxd5 exd5 27.e6 Qc6 28.exf7+ Kf8 29.
Bh6+ Rxh6 30.Qf4 Bf6 31.Qxb8+ Kxf7 32.Rxf6+ Kxf6 33.Qf8+ Kg5 34.Qf4+ 1-0

[Event "35th Pan-American U20"]
[Site "Cali COL"]
[Date "2010.05.26"]
[Round "9.14"]
[White "Ospina, Juan Pablo"]
[Black "Parra, Brayan"]
[Result "0-1"]
[WhiteElo "1934"]
[BlackElo "1807"]
[EventDate "2010.05.20"]
[PlyCount "94"]

1.e4 e5 2.Nf3 Nc6 3.Bc4 Bc5 4.c3 Nf6 5.d4 exd4 6.cxd4 Bb4+ 7.Bd2 Bxd2+ 8.
Nbxd2 d5 9.exd5 Nxd5 10.Qb3 Na5 11.Qa4+ Nc6 12.Qb3 Nce7 13.O-O O-O 14.Rfe1
Nb6 15.Qb4 Nc6 16.Qc5 Nxc4 17.Qxc4 Be6 18.Qd3 Bd5 19.a3 Qf6 20.Ne4 Qg6 21.
Ne5 Qf5 22.Nc3 Qxd3 23.Nxd3 Rfd8 24.Rad1 Bb3 25.Rc1 Nxd4 26.Nc5 b6 27.Nxb3
Nxb3 28.Rc2 Nd4 29.Rcc1 Kf8 30.Ne4 Rd7 31.Ng5 h6 32.Ne4 Rad8 33.h3 Re7 34.
Rcd1 Ne2+ 35.Kf1 Rxd1 36.Rxd1 Rxe4 37.Re1 Ng3+ 38.fxg3 Rxe1+ 39.Kxe1 Ke7 
40.Kd2 Kd6 41.Kc3 a5 42.Kc4 c6 43.a4 Ke5 44.Kd3 Kd5 45.b3 Kc5 46.Kc3 b5 
47.axb5 cxb5 0-1